| 000 | 00769cam a2200253 4500 | ||
|---|---|---|---|
| 001 | J84733 | ||
| 008 | 090401t1994 xxu||||| |||| 00| 0 eng d | ||
| 035 | _a(Sirsi) u79140 | ||
| 041 | _aeng | ||
| 050 | _a693.71 | ||
| 110 |
_aBritish Constructional Steelwork Association Ltd _91560 |
||
| 245 | _aNational structural steelwork specification for building construction. | ||
| 250 | _a3rd ed. | ||
| 260 |
_aLondon _bBritish Constructional Steelwork Association Ltd. _c1994 |
||
| 300 | _a64p. : ill. ; 21cm. | ||
| 350 | _a15 | ||
| 520 | _aSuperseded by 5th ed. ISBN 085073052X | ||
| 650 | _aSTEEL | ||
| 650 | _aSTEELWORK | ||
| 690 | _aBUILT ENVIRONMENT-BUILDING MATERIALS | ||
| 710 |
_aSteel Construction Institute _91900 |
||
| 942 | _n0 | ||
| 948 | _c23/06/1997 | ||
| 999 |
_c96505 _d96505 |
||